000 00574nam a22001937a 4500
005 20260417151316.0
010 _aENG-148327
020 _a9789354439506
_c495.00
035 _aEN-131859
037 _bDBAD
082 _a633
_21
100 _aJoshi, Mukund
_988960
245 _aCrop Production Technology:
_bKharif Field Crops/
_cJoshi, Mukund
250 _a1
260 _aDelhi
_bPHI Learning
_c2025
270 _aRimjhim House, 111, Patparganj Industrial Estate,
_bDelhi
_e110092
300 _a202p.:
_c24cm(pb)
_bIndex
942 _2ddc
_cEN
_h633
_mJOS
999 _c215945
_d215945